Statistiken für Grösste Schweizer Städte nach Buchstabe - B

Klicken Sie hier um das Quiz zu spielen!

Allgemein

  • Dieses Quiz wurde 51 mal gespielt
  • Das Durchschnittsergebnis liegt bei 9 aus 16

Antwortstatistiken

KantonEinwohnerStadt% Korrekt
BE134’506Bern
100%
BS173’552Basel
98%
BE55’070Biel/Bienne
87%
TI44’270Bellinzona
83%
ZG24’996Baar
70%
AG22’849Baden
67%
AG12’943Brugg
61%
VS13’642Brig-Glis
59%
FR25’722Bulle
59%
ZH23’624Bülach
54%
BE16’586Burgdorf
50%
BE11’578Belp
41%
ZH12’062Bassersdorf
33%
BL15’631Binningen
33%
SG13’605Buchs
28%
VD12’117Blonay
4%

Verteilung der Resultate

Perzentil nach korrekt beantworteten Fragen

Anzahl Personen mit jedem Resultat

Ihre Resultats-Entwicklung

Sie haben dieses Quiz noch nicht gespielt